Traité technique et pratique des brevets d'invention

Պահպանված է:
Մատենագիտական մանրամասներ
Հիմնական հեղինակ: Casalonga, Alain (Հեղինակ)
Ձևաչափ: Գիրք
Լեզու:ֆրանսերեն
Հրապարակվել է: París Librairie Générale de Droit & de Jurisprudence 1949
Խորագրեր:
Ցուցիչներ: Ավելացրեք ցուցիչ
Չկան պիտակներ, Եղեք առաջինը, ով նշում է այս գրառումը!

MARC

LEADER 00000nam a2200000 a 4500
001 UCS1647
003 CL-VaPUC
008 970515e19490000FR |||||||||||||||||fre|d
082 0 4 |a 346.048  |b CAS  |2 21 
100 0 |a Casalonga, Alain  |e author  |9 386296 
245 1 0 |a Traité technique et pratique des brevets d'invention 
300 |a v 
942 |c BK 
945 |d 19970515 00:00:00  |a cmena 
260 |a París  |b Librairie Générale de Droit & de Jurisprudence  |c 1949 
500 |a v.1: Considérations générales, objet, nouveauté, caractère industriel, validité, propriété, demande délivrance, durée, droit international, nullités déchéances 
500 |a v.2: de la contrefacon, des faits, des règles d'appréciation de la contrefacon, de l'action, de l'exception de possession antérieure, de la constatation de la contrefacon, répression procédure, le choix du lieu de la saisie, la protection temporaire aux expositions, les secrets de fabrique, la mention de la marque dans le brevet, les mesures de séquestre après la deuxieme guerre mondiale, tables générales 
650 0 |a Propiedad intelectual  |9 256126 
650 0 |a Derecho comercial   |9 256340 
650 0 |a Código de comercio   |9 329302 
650 7 |a INVENTOS  |2 CL-VaPUC  |9 266077 
650 7 |a LEGISLACION SOBRE PATENTES  |2 CL-VaPUC  |9 386297 
650 7 |a PATENTES DE INVENCION  |2 CL-VaPUC  |9 256531 
650 0 |a Derecho internacional  |9 255637 
651 0 |a Francia  |9 255157 
583 |a last modification  |c 19970515 00:00:00  |k Rodrigo Vera 
999 |c 259683  |d 259681 
952 |0 0  |1 0  |4 0  |6 346_048000000000000_CAS_1949  |7 0  |8 P  |9 284908  |a BIBDER  |b BIBDER  |d 2019-11-19  |h v.1  |i 1854216  |o 346.048 CAS 1949  |p 1854216  |r 2023-01-25  |w 2019-11-19  |y BK  |k DER 
952 |0 0  |1 0  |4 0  |6 346_048000000000000_CAS_1949  |7 0  |8 P  |9 284909  |a BIBDER  |b BIBDER  |d 2019-11-19  |h v.2  |i 1854194  |o 346.048 CAS 1949  |p 1854194  |r 2023-01-25  |w 2019-11-19  |y BK  |k DER